<?xml version="1.0" encoding="UTF-8"?>
<marc:record xmlns:marc="http://www.loc.gov/MARC21/slim">
   <marc:leader>00000nam a2200000 a 4500</marc:leader>
   <marc:datafield ind1="1" ind2=" " tag="100">
      <marc:subfield code="a">Rakely, Tara</marc:subfield>
      <marc:subfield code="4">aut</marc:subfield>
      <marc:subfield code="e">Verfasser/-in</marc:subfield>
   </marc:datafield>
   <marc:datafield ind1=" " ind2=" " tag="653">
      <marc:subfield code="a">Die Schöne und das Biest</marc:subfield>
   </marc:datafield>
   <marc:datafield ind1="0" ind2="0" tag="245">
      <marc:subfield code="a">Der Herzog von Riddon Manor</marc:subfield>
   </marc:datafield>
   <marc:datafield ind1=" " ind2="1" tag="264">
      <marc:subfield code="b">Independently published</marc:subfield>
      <marc:subfield code="c">2024</marc:subfield>
   </marc:datafield>
   <marc:datafield ind1="1" ind2=" " tag="520">
      <marc:subfield code="a">Der ruinierte Ruf des Duke of Ailesbury ist zusammen mit seinem entstellten Gesicht ein sicherer Garant dafür, keine Ehefrau zu finden. Seine letzte Hoffnung erscheint in Form eines Baronets, der ihm aus Geldgier seine Tochter verspricht. Dieses Unterfangen führt ihn jedoch nur in einen weiteren Salon Englands, in dem er von dem verstörten Schluchzen einer Heiratskandidatin gedemütigt wird. Erneut scheint seine Lage aussichtslos, bis das Mündel des Baronets ihm anbietet, an die Stelle ihrer Cousine zu treten und ihn zu heiraten. In Amelia Bennett begegnet John die erste Frau, die nicht vor ihm zurückweicht, sobald er die Maske abnimmt. Doch reicht ihr Mut, um ihm einen Erben zu schenken?</marc:subfield>
   </marc:datafield>
   <marc:datafield ind1=" " ind2=" " tag="020">
      <marc:subfield code="a">9798323767793</marc:subfield>
      <marc:subfield code="9">9798323767793</marc:subfield>
   </marc:datafield>
</marc:record>
